| Tag |
First Indicator |
Second Indicator |
Subfields |
| LEADER |
00000cgm a2200000Ma 4500 |
| 001 |
in00005547876 |
| 006 |
m c |
| 007 |
vz |zazu| |
| 008 |
130227s2012 enk027 g o vueng d |
| 005 |
20241201230344.7 |
| 035 |
|
|
|a (OCoLC)ocn849668641
|
| 040 |
|
|
|a ALSTP
|b eng
|e pn
|c ALSTP
|d OCLCO
|d OCLCQ
|d COO
|d OCLCO
|d CUS
|d OCLCO
|d OCLCF
|d U3G
|d OCLCO
|d OCL
|d OCLCQ
|d OCLCO
|d S3O
|d OCLCQ
|d NRC
|d OCLCQ
|d EZ9
|d OCLCQ
|d SNN
|d INT
|d AU@
|d OCLCQ
|d WYU
|d YOU
|d OCLCQ
|d OCL
|d UHL
|d VLB
|d EMU
|d OCLCO
|d OCLCA
|
| 019 |
|
|
|a 908387183
|a 1058185428
|a 1085198753
|a 1259111508
|a 1373424500
|
| 028 |
5 |
3 |
|a 1879624
|
| 035 |
|
|
|a (OCoLC)849668641
|z (OCoLC)908387183
|z (OCoLC)1058185428
|z (OCoLC)1085198753
|z (OCoLC)1259111508
|z (OCoLC)1373424500
|
| 043 |
|
|
|a f-nr---
|
| 050 |
|
4 |
|a GN303
|
| 050 |
1 |
4 |
|a BF1779.I4
|b I33 2012ev
|
| 049 |
|
|
|a TXAM
|
| 245 |
0 |
0 |
|a Ifa divination in Western Nigeria.
|
| 260 |
|
|
|a London, UK :
|b Royal Anthropological Institute,
|c 2012.
|
| 300 |
|
|
|a 1 online resource (27 min.).
|
| 306 |
|
|
|a 002726
|
| 336 |
|
|
|a two-dimensional moving image
|b tdi
|2 rdacontent
|
| 337 |
|
|
|a computer
|b c
|2 rdamedia
|
| 338 |
|
|
|a online resource
|b cr
|2 rdacarrier
|
| 344 |
|
|
|a digital
|g stereo
|2 rda
|
| 347 |
|
|
|a streaming video file
|
| 490 |
0 |
|
|a Ethnographic video online ;
|v volume 2
|
| 500 |
|
|
|a Title from resource description page (viewed Feb. 27, 2013).
|
| 546 |
|
|
|a This edition in English.
|
| 520 |
|
|
|a This documentary, directed by E.M. McClelland, features Ifa Divination in western Nigeria.
|
| 650 |
|
0 |
|a Ifa
|z Nigeria, Western.
|
| 650 |
|
0 |
|a Divination
|z Nigeria, Western.
|
| 650 |
|
0 |
|a Yoruba (African people)
|
| 650 |
|
6 |
|a Ifa
|z Nigeria (Ouest)
|
| 650 |
|
6 |
|a Divination
|z Nigeria (Ouest)
|
| 650 |
|
6 |
|a Yoruba (Peuple d'Afrique)
|
| 650 |
|
7 |
|a Divination.
|2 fast
|0 (OCoLC)fst00895747
|
| 650 |
|
7 |
|a Ifa (Religion)
|2 fast
|0 (OCoLC)fst00966983
|
| 650 |
|
7 |
|a Yoruba (African people)
|2 fast
|0 (OCoLC)fst01182966
|
| 651 |
|
7 |
|a Western Nigeria.
|2 fast
|0 (OCoLC)fst01692686
|
| 655 |
|
4 |
|a Online media.
|
| 655 |
|
7 |
|a Nonfiction films.
|2 fast
|0 (OCoLC)fst01710269
|
| 655 |
|
7 |
|a Nonfiction films.
|2 lcgft
|
| 655 |
|
7 |
|a Films autres que de fiction.
|2 rvmgf
|
| 700 |
1 |
|
|a McClelland, Elizabeth M.,
|e director.
|
| 856 |
4 |
0 |
|u http://proxy.library.tamu.edu/login?url=https://www.aspresolver.com/aspresolver.asp?AVN2;1879624
|z Connect to this streaming video (Alexander Street Press)
|t 0
|
| 955 |
|
|
|a Alexander Street Press subscription streaming video
|
| 994 |
|
|
|a 92
|b TXA
|
| 999 |
f |
f |
|s 36d1486e-6bc5-46e3-b279-c01eaa4743df
|i 5c9b896e-fde2-4df4-a1b6-320268bb2eaa
|t 0
|
| 952 |
f |
f |
|a Texas A&M University
|b College Station
|c Electronic Resources
|d Available Online
|t 0
|e GN303BF1779.I4 I33 2012ev
|h Library of Congress classification
|
| 998 |
f |
f |
|a GN303BF1779.I4 I33 2012ev
|t 0
|l Available Online
|